| 000 | 00769cam a22002413a 4500 | ||
|---|---|---|---|
| 001 | 29914 | ||
| 003 | PGUSA | ||
| 005 | 20140828083639.0 | ||
| 008 | 090906s2009||||xxu|||||s|||||000 | eng d | ||
| 040 |
_aPGUSA _beng |
||
| 042 | _adc | ||
| 050 | 4 | _aQA | |
| 100 | 1 |
_aCollins, A. Frederick _q(Archie Frederick), _d1869- |
|
| 245 | 1 | 0 |
_aShort Cuts in Figures : _bto which is added many useful tables and formulas written so that he who runs may read _h[electronic resource] / _cA. Frederick Collins |
| 260 |
_bProject Gutenberg, _c2009 |
||
| 506 | _aPublic domain in the USA. | ||
| 516 | _aElectronic text | ||
| 653 | _aArithmetic | ||
| 653 | _aReady-reckoners | ||
| 830 | 0 |
_aProject Gutenberg _v29914 |
|
| 856 | 4 | 0 | _uhttp://www.gutenberg.org/ebooks/29914 |
| 942 | _cEB | ||
| 999 |
_c259169 _d259169 |
||